| 000 | 00814nam a2200265 i 4500 | ||
|---|---|---|---|
| 001 | bg | ||
| 100 | 1 | _aBernstein, Peter L. | |
| 245 | 1 | 0 |
_aZarządzanie inwestycjami / _cPeter Bernstein, Aswath Damodaran ; [tł. Agnieszka Sochon, Piotr Grauer]. |
| 246 |
_iTyt. oryg.: _aInvestment management |
||
| 260 |
_aWarszawa : _b"Liber", _c1999. |
||
| 300 |
_a451 s. : _brys., wykr. ; _c25 cm. |
||
| 500 | _aTyt. oryg.: "Investment management". | ||
| 504 | _aBibliogr. przy rozdz. - Indeks. | ||
| 650 | 9 |
_aRynek finansowy _xzagadnienia |
|
| 650 | 9 |
_aInwestycje _xbadanie |
|
| 650 | 9 |
_aRyzyko _xfinanse |
|
| 700 | 1 |
_aDamodaran, _bAswath. |
|
| 020 | _a838817004X | ||
| 040 | _cBPK | ||
| 041 | 1 |
_apl _hen |
|
| 080 | _a336.76 | ||
| 920 | _a83-88170-04-X | ||
| 942 | _cKS | ||
| 008 | s pl f |000 0 pol | ||
| 999 |
_c36020 _d36020 |
||
| 856 |
_uhttp://koha.tu.koszalin.pl/cgi-bin/koha/opac-detail.pl?biblionumber=36020 _yKatalog online BPK |
||